Suomen kunnat kartalla 1935 - Statistics

Yleistilastot
  • Tätä visaa on pelattu 17 239 kertaa
  • Keskiarvotulos 249 / 601
Vastaukset kartalla
Vastauksille on annettu kartalla punavihreä väri sen mukaan, kuinka moni on saanut sen oikein.
 
Vastaustilastot
Kunta % Oikein
Oulu
73%
Ii
72%
Viipuri
72%
Eno
71%
Kemi
70%
Helsinki
67%
Inari
66%
Enontekiö
65%
Rovaniemi
65%
Turku
65%
Utsjoki
65%
Pori
64%
Espoo
63%
Lappee
63%
Kuusamo
62%
Petsamo
62%
Saari
62%
Sodankylä
62%
Tampere
62%
Tornio
62%
Vaasa
62%
Jyväskylä
61%
Kotka
61%
Kouvola
61%
Kittilä
60%
Kuopio
60%
Lappeenranta
60%
Maaria
60%
Muonio
60%
Salo
60%
Hamina
59%
Kajaani
59%
Kokkola
59%
Lahti
59%
Mikkeli
59%
Rauma
59%
Ylitornio
59%
Hämeenlinna
58%
Joensuu
58%
Kemijärvi
58%
Kolari
58%
Seinäjoki
58%
Hailuoto
57%
Hanko
57%
Porvoo
57%
Savukoski
57%
Tervo
57%
Ranua
56%
Simo
56%
Grankulla
55%
Ilomantsi
55%
Kalajoki
55%
Naantali
55%
Savonlinna
55%
Suomussalmi
55%
Iisalmi
54%
Parikkala
54%
Pelkosenniemi
54%
Posio
54%
Raahe
54%
Rovaniemen mlk
54%
Sortavala
54%
Sotkamo
54%
Viipurin mlk
54%
Virolahti
54%
Eura
53%
Forssa
53%
Kempele
53%
Lapua
53%
Maarianhamina
53%
Pudasjärvi
53%
Pyhtää
53%
Sipoo
53%
Uusikaupunki
53%
Ylivieska
53%
Alavieska
52%
Eurajoki
52%
Helsingin mlk
52%
Jämsä
52%
Kirkkonummi
52%
Kristiinankaupunki
52%
Lohja
52%
Loimaa
52%
Loviisa
52%
Merikarvia
52%
Taivalkoski
52%
Tervola
52%
Äänekoski
51%
Ähtäri
51%
Alavus
51%
Heinola
51%
Hollola
51%
Hyvinkää
51%
Ikaalinen
51%
Kaarina
51%
Karvia
51%
Kerava
51%
Kitee
51%
Lemi
51%
Liminka
51%
Luumäki
51%
Miehikkälä
51%
Mustasaari
51%
Nakkila
51%
Nurmes
51%
Oulainen
51%
Parkano
51%
Puolanka
51%
Rautjärvi
51%
Riihimäki
51%
Ulvila
51%
Varkaus
51%
Akaa
50%
Aura
50%
Haapajärvi
50%
Haapavesi
50%
Hämeenkyrö
50%
Jyväskylän mlk
50%
Käkisalmi
50%
Kankaanpää
50%
Kauhajoki
50%
Kauhava
50%
Kemiö
50%
Keuru
50%
Lempäälä
50%
Orivesi
50%
Parainen
50%
Pietarsaari
50%
Pyhäjoki
50%
Savitaipale
50%
Tuusula
50%
Virrat
50%
Ylöjärvi
50%
Alajärvi
49%
Hattula
49%
Huittinen
49%
Hyrynsalmi
49%
Isojoki
49%
Kangasala
49%
Karkkila
49%
Koski Tl
49%
Kurikka
49%
Laukaa
49%
Loppi
49%
Mäntsälä
49%
Närpiö
49%
Nurmijärvi
49%
Orimattila
49%
Paltamo
49%
Pieksämä
49%
Pihtipudas
49%
Raisio
49%
Ruokolahti
49%
Siikajoki
49%
Taipalsaari
49%
Uusikaarlepyy
49%
Vihti
49%
Asikkala
48%
Askola
48%
Ilmajoki
48%
Inkoo
48%
Janakkala
48%
Juva
48%
Kajaanin mlk
48%
Kokemäki
48%
Kuhmoinen
48%
Kuopion mlk
48%
Kustavi
48%
Laihia
48%
Lieto
48%
Lumijoki
48%
Mänttä
48%
Masku
48%
Mikkelin mlk
48%
Muhos
48%
Pietarsaaren mlk
48%
Pomarkku
48%
Siilinjärvi
48%
Siuntio
48%
Eckerö
47%
Humppila
47%
Iitti
47%
Isokyrö
47%
Jokioinen
47%
Kyyjärvi
47%
Laitila
47%
Lappajärvi
47%
Liperi
47%
Luoto
47%
Muurame
47%
Nivala
47%
Pieksämäen mlk
47%
Pornainen
47%
Ristijärvi
47%
Saarijärvi
47%
Säkylä
47%
Terijoki
47%
Valkeakoski
47%
Veteli
47%
Viitasaari
47%
Vilppula
47%
Vöyri
47%
Yli-Ii
47%
Enonkoski
46%
Evijärvi
46%
Harjavalta
46%
Heinävesi
46%
Jämijärvi
46%
Juuka
46%
Kannus
46%
Karstula
46%
Kaskinen
46%
Kaustinen
46%
Kemin mlk
46%
Kihniö
46%
Lapinlahti
46%
Maalahti
46%
Mäntyharju
46%
Mynämäki
46%
Myrskylä
46%
Oripää
46%
Padasjoki
46%
Paimio
46%
Porin mlk
46%
Pyhäntä
46%
Reisjärvi
46%
Sievi
46%
Siikainen
46%
Somero
46%
Sysmä
46%
Tammela
46%
Tammisaari
46%
Teuva
46%
Tyrnävä
46%
Vimpeli
46%
Ypäjä
46%
Hartola
45%
Joroinen
45%
Joutsa
45%
Juupajoki
45%
Karijoki
45%
Kärsämäki
45%
Keitele
45%
Kuortane
45%
Leppävirta
45%
Lestijärvi
45%
Porvoon mlk
45%
Puumala
45%
Pyhäranta
45%
Rautavaara
45%
Ruovesi
45%
Soini
45%
Suonenjoki
45%
Taivassalo
45%
Urjala
45%
Utajärvi
45%
Uurainen
45%
Vehmaa
45%
Alatornio
44%
Halsua
44%
Hausjärvi
44%
Hirvensalmi
44%
Joutseno
44%
Kinnula
44%
Kiuruvesi
44%
Kivijärvi
44%
Koivisto
44%
Kontiolahti
44%
Korsnäs
44%
Lapinjärvi
44%
Merijärvi
44%
Multia
44%
Perho
44%
Pielavesi
44%
Pukkila
44%
Punkalaidun
44%
Rauman mlk
44%
Rautalampi
44%
Rusko
44%
Sortavalan mlk
44%
Sulkava
44%
Tohmajärvi
44%
Toholampi
44%
Vammala
44%
Antrea
43%
Hankasalmi
43%
Haukipudas
43%
Jomala
43%
Kaavi
43%
Karjaa
43%
Kiiminki
43%
Kruunupyy
43%
Noormarkku
43%
Nousiainen
43%
Pälkäne
43%
Pöytyä
43%
Rääkkylä
43%
Salmi
43%
Sauvo
43%
Simpele
43%
Sonkajärvi
43%
Vesilahti
43%
Vieremä
43%
Alahärmä
42%
Brändö
42%
Geta
42%
Iisalmen mlk
42%
Käkisalmen mlk
42%
Kangasniemi
42%
Kannonkoski
42%
Kärkölä
42%
Luhanka
42%
Marttila
42%
Nastola
42%
Oulunsalo
42%
Pertunmaa
42%
Petäjävesi
42%
Polvijärvi
42%
Säkkijärvi
42%
Sund
42%
Toivakka
42%
Anjala
41%
Hammarland
41%
Jämsänkoski
41%
Konnevesi
41%
Lumparland
41%
Rantasalmi
41%
Seinäjoen mlk
41%
Tuusniemi
41%
Valkeala
41%
Vesanto
41%
Finström
40%
Föglö
40%
Kökar
40%
Kuusankoski
40%
Lemland
40%
Nurmo
40%
Peräseinäjoki
40%
Punkaharju
40%
Sottunga
40%
Ylihärmä
40%
Ylistaro
40%
Alastaro
39%
Hämeenlinnan mlk
39%
Heinolan mlk
39%
Hongonjoki
39%
Ikaalisten mlk
39%
Jalasjärvi
39%
Kumlinge
39%
Kuolemajärvi
39%
Lappi
39%
Lohjan mlk
39%
Nauvo
39%
Nummi
39%
Ristiina
39%
Ruotsinpyhtää
39%
Saltvik
39%
Suomenniemi
39%
Uukuniemi
39%
Vårdö
39%
Ylikiiminki
39%
Hyvinkään mlk
38%
Karjala
38%
Koiviston mlk
38%
Loimaan mlk
38%
Luvia
38%
Nuijamaa
38%
Nurmeksen mlk
38%
Pusula
38%
Suojärvi
38%
Uudenkaupungin mlk
38%
Juankoski
37%
Kesälahti
37%
Koski Hl
37%
Kymi
37%
Lammi
37%
Lauritsala
37%
Ahlainen
36%
Äyräpää
36%
Elimäki
36%
Hauho
36%
Jaakkima
36%
Jaala
36%
Jurva
36%
Karjalohja
36%
Kerimäki
36%
Korppoo
36%
Kuru
36%
Lavia
36%
Maaninka
36%
Oulujoki
36%
Pyhäjärvi Vpl
36%
Raippaluoto
36%
Rymättylä
36%
Suolahti
36%
Valtimo
36%
Anttola
35%
Dragsfjärd
35%
Himanka
35%
Jääski
35%
Johannes
35%
Kivennapa
35%
Köyliö
35%
Merimasku
35%
Nilsiä
35%
Perniö
35%
Pielisjärvi
35%
Piikkiö
35%
Pulkkila
35%
Pyhäjärvi Ol
35%
Suursaari
35%
Vähäkyrö
35%
Värtsilä
35%
Vehkalahti
35%
Viiala
35%
Ylämaa
35%
Äänekosken mlk
34%
Artjärvi
34%
Halikko
34%
Hiitola
34%
Kälviä
34%
Karkku
34%
Kiikoinen
34%
Konginkangas
34%
Pohja
34%
Teisko
34%
Tuupovaara
34%
Uudenkaarlepyyn mlk
34%
Alaveteli
33%
Askainen
33%
Haaga
33%
Iniö
33%
Karjaan mlk
33%
Karunki
33%
Kiihtelysvaara
33%
Kiikka
33%
Lemu
33%
Lohtaja
33%
Metsäpirtti
33%
Naantalin mlk
33%
Pattijoki
33%
Rautu
33%
Sippola
33%
Tuulos
33%
Tyrvää
33%
Uusikirkko Vl
33%
Haapasaari
32%
Houtskari
32%
Karttula
32%
Korpilahti
32%
Kuhmoniemi
32%
Kuivaniemi
32%
Kuolajärvi
32%
Maksamaa
32%
Muolaa
32%
Pernaja
32%
Piippola
32%
Renko
32%
Sakkola
32%
Savonranta
32%
Tammisaaren mlk
32%
Töysä
32%
Ullava
32%
Vihanti
32%
Aitolahti
31%
Etelä-Pirkkala
31%
Haukivuori
31%
Impilahti
31%
Keikyä
31%
Kirvu
31%
Kisko
31%
Kurkijoki
31%
Lahdenpohja
31%
Öja
31%
Oravainen
31%
Pohjois-Pirkkala
31%
Rantsila
31%
Säynätsalo
31%
Temmes
31%
Yläne
31%
Angelniemi
30%
Harlu
30%
Jepua
30%
Mouhijärvi
30%
Oulunkylä
30%
Paavola
30%
Pertteli
30%
Ruskeala
30%
Sääminki
30%
Sammatti
30%
Suistamo
30%
Suodenniemi
30%
Tytärsaari
30%
Vuoksenranta
30%
Ähtävä
29%
Bromarv
29%
Heinjoki
29%
Hiittinen
29%
Hinnerjoki
29%
Kestilä
29%
Kortesjärvi
29%
Pyhäjärvi Ul
29%
Pyhämaa
29%
Räisälä
29%
Valkjärvi
29%
Vanaja
29%
Velkua
29%
Vestanfjärd
29%
Vuolijoki
29%
Huopalahti
28%
Jäppilä
28%
Kaarlela
28%
Kakskerta
28%
Kangaslampi
28%
Kaukola
28%
Kiikala
28%
Kulosaari
28%
Kuusjoki
28%
Kylmäkoski
28%
Lapväärtti
28%
Lehtimäki
28%
Liljendal
28%
Lumivaara
28%
Luopioinen
28%
Mellilä
28%
Paattinen
28%
Siipyy
28%
Somerniemi
28%
Turtola
28%
Uusikirkko Tl
28%
Vahto
28%
Vampula
28%
Vehmersalmi
28%
Viljakkala
28%
Virtasalmi
28%
Vuoksela
28%
Eräjärvi
27%
Kanneljärvi
27%
Kauvatsa
27%
Kiukainen
27%
Koivulahti
27%
Kuhmalahti
27%
Kullaa
27%
Kuusjärvi
27%
Längelmäki
27%
Muurla
27%
Riistavesi
27%
Sahalahti
27%
Saloinen
27%
Särkisalo
27%
Seiskari
27%
Sumiainen
27%
Suomusjärvi
27%
Teerijärvi
27%
Tenhola
27%
Tiukka
27%
Varpaisjärvi
27%
Ylimarkku
27%
Degerby
26%
Kalvola
26%
Karinainen
26%
Karuna
26%
Kodisjoki
26%
Koijärvi
26%
Korpiselkä
26%
Kuorevesi
26%
Leivonmäki
26%
Lokalahti
26%
Metsämaa
26%
Mietoinen
26%
Pielisensuu
26%
Pihlajavesi
26%
Purmo
26%
Pyhäselkä
26%
Sääksmäki
26%
Snappertuna
26%
Soanlahti
26%
Uskela
26%
Vahviala
26%
Honkilahti
25%
Lavansaari
25%
Messukylä
25%
Munsala
25%
Muuruvesi
25%
Pylkönmäki
25%
Rautio
25%
Revonlahti
25%
Suoniemi
25%
Tarvasjoki
25%
Bergö
24%
Björköby
24%
Säyneinen
24%
Tyrväntö
24%
Koskenpää
23%
Kuusisto
23%
Pirttikylä
23%
Säräisniemi
23%
Sulva
23%
Tottijärvi
23%
Petolahti
22%
Pälkjärvi
21%
Ehtoja vastaavia visoja ei löytynyt
Tulosjakauma
Jokaisen tuloksen saaneiden osuus
Persentiili vastausten määrän mukaan
Tuloshistoriasi
Et ole pelannut tätä visaa